| 000 | 00819nam a2200265 a 4500 | ||
|---|---|---|---|
| 005 | 20180803164908.0 | ||
| 008 | 140227b1996 ck ||||| |||| 00| 0 spa d | ||
| 040 |
_aCO-BoIAVH _cCO-BoIAVH |
||
| 041 | _aspa | ||
| 044 | _ack | ||
| 090 |
_aLB _b01335 |
||
| 110 |
_bColombia. Ministerio del Medio Ambiente _942643 |
||
| 245 |
_aEcosistemas estratégicos _bdocumento preliminar |
||
| 260 |
_aBogotá _bMinambiente _c1996 |
||
| 300 | _a18 p. | ||
| 650 |
_aEcosistemas estratégicos _93520 |
||
| 650 |
_aGestión ambiental _992206 |
||
| 650 |
_aAreas de manejo especial _97569 |
||
| 650 |
_aReservas forestales _942645 |
||
| 650 |
_aParques nacionales naturales _942646 |
||
| 650 |
_aAreas prioritarias de conservación _942647 |
||
| 650 |
_aEcosistemas de montaña _942648 |
||
| 662 | _aColombia | ||
| 942 |
_cINFORME _2z |
||
| 999 |
_c1343 _d1343 |
||